Combined State Names - Statistics

General Stats
  • This quiz has been taken 53 times
  • The average score is 19 of 20
Answer Stats
Combined Separated % Correct
Oretah Utah
100%
Alaskippi Alaska
98%
Calinois California
98%
Delorado Colorado
98%
Minnont Minnesota
98%
Alaskippi Mississippi
98%
Oretah Oregon
98%
Wiscton Wisconsin
98%
Delorado Delaware
96%
Calinois Illinois
96%
Kenraska Kentucky
96%
Pennico Pennsylvania
96%
Rhossee Rhode Island
96%
Rhossee Tennessee
96%
Minnont Vermont
96%
Kenraska Nebraska
90%
Marhire New Hampshire
83%
Pennico New Mexico
83%
Wiscton Washington
75%
Marhire Maryland
71%
No matching quizzes found
Score Distribution
Percent of People with Each Score
Percentile by Number Answered
Your Score History
You have not taken this quiz